| 000 | 00629nam a2200241 a 4500 | ||
|---|---|---|---|
| 001 | 0001-1066 | ||
| 003 | ELIB.Books | ||
| 008 | 141215 2010 eng | ||
| 020 | _a0843245256 | ||
| 035 | _a(ELIB.Books)0001-1221 | ||
| 092 |
_aBeing Light In Darkness _bNet |
||
| 100 | _aNetherton, Tom. | ||
| 245 | _aIn the Morning of My Life | ||
| 260 |
_aWheaton _bTyndale House Publishers, Inc. _c1979 |
||
| 300 |
_a262 _c21.5 Cm |
||
| 500 | _aC/o Moe Lwai | ||
| 650 | _aBiography | ||
| 856 |
_nKBTS; Library _uKBTS; Elib. |
||
| 942 |
_2ddc _cBK |
||
| 990 | _a1 | ||
| 998 |
_cbat _e2014-12-15 |
||
| 999 |
_c11066 _d11066 |
||